Philippians: (Record no. 5905)

000 -LEADER
fixed length control field 00560nam a2200181 a 4500
001 - CONTROL NUMBER
control field :::00003648$&:&@@
003 - CONTROL NUMBER IDENTIFIER
control field OkBaRHE
005 - DATE AND TIME OF LATEST TRANSACTION
control field 20000607103309.0
008 - FIXED-LENGTH DATA ELEMENTS--GENERAL INFORMATION
fixed length control field s1976 j 000 0 eng u
040 ## - CATALOGING SOURCE
Transcribing agency
100 1# - MAIN ENTRY--PERSONAL NAME
Personal name Taylor, Preston A.
245 10 - TITLE STATEMENT
Title Philippians:
Remainder of title joy in Jesus.
260 ## - PUBLICATION, DISTRIBUTION, ETC. (IMPRINT)
Place of publication, distribution, etc Chicago, IL., :
Name of publisher, distributor, etc Moody Press
Date of publication, distribution, etc c1976
300 ## - PHYSICAL DESCRIPTION
Extent 160 p. ;
Dimensions 18 cm.
650 ## - SUBJECT ADDED ENTRY--TOPICAL TERM
Topical term or geographic name as entry element Bible New Testament Philippians
General subdivision Meditations
942 ## - ADDED ENTRY ELEMENTS (KOHA)
Source of classification or shelving scheme
Koha item type Books
Copies
Not for loan Date last seen Koha item type Shelving location Permanent Location Date acquired Barcode Damaged status Source of classification or shelving scheme Price effective from Full call number Copy number Lost status Withdrawn status
 2018-04-03BooksGeneral StacksRHEMA Bible Training College2010-04-143648  2010-04-14BS 2705.4 .T391